000 03083nam a22003611 4500
005 20050808122104.0
008 721219s1962 nyu 000 0 eng
010 _aB-355158-168
020 _a8172764138
_c350.00
035 _aB-355158-168
037 _bBharatiya Vidya Bhavan
040 _adpl
_bEnglish
082 _a954.01
100 _aMishra, V.S.
245 _aAncient Indian dynasties /
_cby V.S. Mishra
260 _aMumbai
_bBharatiya Vidya Bhavan
_c2007
270 _aKulapati Munshi Marg
_bMumbai
_e400 007
300 _a413 p.
_c23cm (Hb)
500 _aincludes appendix & bibliographical reference
942 _2ddc
_cEN
_mMIS
_h954.01
999 _c24418
_d24418